Statistics for Most Multilingual US States

Click here to take the quiz!

General Stats

  • This quiz has been taken 59 times
  • The average score is 9 of 11

Answer Stats

HintAnswer% Correct
1California
98%
8Arizona
96%
4New York
96%
2Texas
96%
7Florida
94%
3New Mexico
91%
10 (tie)Illinois
72%
9Hawaii
70%
6Nevada
70%
5New Jersey
57%
10 (tie)Massachusetts
53%

Score Distribution

Percentile by Number Answered

Percent of People with Each Score

Your Score History

You have not taken this quiz